Piłkarze Reprezentacji Liberii - nagła śmierć - Statystyki

Ogólne statystyki
  • Ten quiz został rozwiązany 5 razy
  • Średni wynik to 3 z 6
Answers on the Grid
Answers color-coded by a green-red scale on the quiz's grid according to % correct below.
Folarin Balogun
Prince Daye
Timothy Weah
George Weah
Noah Okafor
James Debbah
Trevoh Chalobah
Joe Nagbe
Oscar Dorley
Brice Dja Djédjé
Sampson Dweh
Aboubacar Camara
 
Statystyki odpowiedzi
Odpowiedź % Poprawnych
George Weah
100%
James Debbah
67%
Joe Nagbe
67%
Oscar Dorley
33%
Prince Daye
33%
Sampson Dweh
33%
Nie znaleziono quizów pasujących do podanych kryteriów
Rozkład punktacji
Procent ludzi z każdym wynikiem
Percentyl według liczby udzielonych odpowiedzi
Twoja historia wyników
Nie rozwiązałeś tego quizu